000 00594nam a2200181Ia 4500
008 090630s9999 xx 000 0 und d
082 _b27364
100 _aशेवते अरुण.
245 _aस्मरण गाभारा.
_cशेवते अरुण.
260 _bमुद्रा - विरार.
_c2005
300 _a128
600 _aशेवते अरुण.
630 _aस्मरण गाभारा.
655 _aलघुकथा.
700 _aशेवते अरुण.
730 _aस्मरण गाभारा.
942 _cBOOK
999 _c279220
_d279220